00495nam 22001573 4500001000700000100004100007200004800048210003800096215003300134305003500167606003300202675002700235700002800262801001800290830002900308202047 a20260505d u||y0pory50 ba aThe cocktail partyfA comedy by T. S. Eliot aLondoncFaber and Faber d[19--?] a185, [4] p.cbrochadod19 cm aEdição em língua Inglesa aLiteratura AmericanaxTeatro a821.111(73)-2vPTzpor aEliotbT. S.f1888-1965 aPTbBMMNgRPC cAna FalardofAna Falardo